Estrategias de aprendizaje / (Record no. 21603)

MARC details
000 -CABECERA
campo de control de longitud fija 00703nam a2200229 a 4500
005 - FECHA Y HORA DE LA ÚLTIMA TRANSACCIÓN
campo de control 20250809063840.0
008 - ELEMENTOS DE LONGITUD FIJA--INFORMACIÓN GENERAL
campo de control de longitud fija 991125s19921998mx 000 0 spa u
020 ## - NÚMERO INTERNACIONAL NORMALIZADO PARA LIBROS
Número Internacional Estándar del Libro 9684306644
035 ## - NÚMERO DE CONTROL DEL SISTEMA
Número de control de sistema UPN01000021603
049 ## - COLECCIÓN
Colección CG
050 #4 - SIGNATURA TOPOGRÁFICA DE LA BIBLIOTECA DEL CONGRESO
Número de clasificación LB1026
Número de documento/Ítem N5.48a
100 1# - ASIENTO PRINCIPAL--NOMBRE PERSONAL
Nombre de persona Nisbet, John
245 10 - MENCIÓN DE TÍTULO
Título Estrategias de aprendizaje /
Mención de responsabilidad, etc. John Nisbet, Janet Shucksmith ; tr. Ana Bermejo.
260 ## - PUBLICACIÓN, DISTRIBUCIÓN, ETC.
Lugar de publicación, distribución, etc. México :
Nombre del editor, distribuidor, etc. Santillana,
Fecha de publicación, distribución, etc. 1992 (1998 impr.).
300 ## - DESCRIPCIÓN FÍSICA
Extensión 173 p.
440 #0 - MENCIÓN DE SERIE/ASIENTO SECUNDARIO--TÍTULO
Título Aula XXI. Santillana
534 ## - NOTA SOBRE LA VERSIÓN ORIGINAL
Frase introductoria Título original:
Mención de título del original Learning strategies
650 #4 - ASIENTO SECUNDARIO DE MATERIA - TERMINO TEMATICO
Término de materia o nombre geográfico como elemento de entrada Innovaciones educativas
9 (RLIN) 386
650 #2 - ASIENTO SECUNDARIO DE MATERIA - TERMINO TEMATICO
Término de materia o nombre geográfico como elemento de entrada Objetivos de la enseñanza
9 (RLIN) 21083
700 1# - ASIENTO SECUNDARIO--NOMBRE DE PERSONAL
Nombre de persona Shucksmith, Janet,
Término indicativo de función/relación coaut.
905 ## - TIPO DE MATERIAL
Tipo de material Libro
Holdings
Estado de retiro Estado de pérdida Fuente del sistema de clasificación o colocación Estado dañado No para préstamo Código de colección Localización permanente Ubicación/localización actual Ubicación en estantería Total de préstamos Clasificación Código de barras Fecha visto por última vez Número de copia Tipo de ítem Koha Fecha de adquisición Fecha del último préstamo
    Library of Congress Classification     Colección General Bib. Gregorio Torres Quintero Bib. Gregorio Torres Quintero Planta baja 58 LB1026 N5.48a 157471 31/12/2020 1 Libro    
    Library of Congress Classification     Colección General Bib. Gregorio Torres Quintero Bib. Gregorio Torres Quintero Planta baja 77 LB1026 N5.48a 208140 31/12/2020 1 Libro    
    Library of Congress Classification     Colección General Bib. Gregorio Torres Quintero Bib. Gregorio Torres Quintero Planta baja 79 LB1026 N5.48a 157470 31/12/2020 1 Libro    
    Library of Congress Classification     Colección General Bib. Gregorio Torres Quintero Bib. Gregorio Torres Quintero Planta baja 89 LB1026 N5.48a 208141 31/12/2020 1 Libro    
    Library of Congress Classification     Colección General Bib. Gregorio Torres Quintero Bib. Gregorio Torres Quintero Planta baja 4 LB1026 N5.48a 327745 24/05/2023 1 Libro 11/05/2023 11/05/2023